000 00614nam a2200241Ia 4500
005 20260306145731.0
008 008 260114s9999 xx 000 0 eng d
020 _a9783112402108
037 _aEbook
040 _aCRL
040 _beng
040 _cCRL
041 _2eng
041 _aeng
084 _qCRL
245 0 _aDer Nativist Galal-e Al-e Ahmad und die Verwestlichung Irans im 20. Jahrhundert
260 _bKlaus Schwarz Verlag
260 _c2021
650 _aLiterary Studies
856 _uhttps://www.degruyter.com/isbn/9783112402108
942 _cEBOOK
999 _c1690594
_d1690594